[Event "24th ECC"]
[Site "Kallithea GRE"]
[Date "2008.10.22"]
[Round "6"]
[White "Ajvazi,R"]
[Black "Jones,Ri"]
[Result "1/2-1/2"]
[WhiteElo "2225"]
[BlackElo "2075"]

1.Nf3 Nf6 2.c4 g6 3.g3 Bg7 4.Bg2 O-O 5.O-O d6 6.Nc3 e5 7.b3 Re8 8.Bb2 c6
9.e4 Na6 10.d4 Bg4 11.dxe5 dxe5 12.h3 Qxd1 13.Raxd1 Bxf3 14.Bxf3 Nc5 15.Rd2 Bh6
16.Rd6 Ne6 17.Rfd1 Bf8 18.R6d3 Nd4 19.Bg2 Nd7 20.Na4 Bg7 21.Ba3 Bf8 22.Bb2 Bg7
23.Ba3 b6 24.Kf1 a5 25.h4 b5 26.cxb5 cxb5 27.Nc5 Nxc5 28.Bxc5 Rac8 29.Bxd4 exd4
30.f4 Rc2 31.R3d2 d3 32.e5 Kf8 33.Rxc2 dxc2 34.Rc1 Rc8 35.Be4 f6 36.exf6 Bxf6
37.Rxc2 Rxc2 38.Bxc2 Bd8 39.h5 Kg7 40.hxg6 hxg6 41.Ke2 b4  1/2-1/2

[Event "WYCC Boys U18"]
[Site "Vung Tau City VIE"]
[Date "2008.10.22"]
[Round "3"]
[White "Rosberg,S"]
[Black "Can,E"]
[Result "0-1"]
[WhiteElo "2222"]
[BlackElo "2464"]

1.Nf3 Nf6 2.c4 g6 3.g3 Bg7 4.Bg2 O-O 5.O-O d6 6.d4 Nc6 7.d5 Na5 8.Nfd2 c6
9.Nc3 Ng4 10.Qc2 Ne5 11.b3 cxd5 12.cxd5 Bf5 13.e4 Bd7 14.Bb2 b5 15.Ne2 Rc8
16.Qb1 b4 17.Nd4 Qb6 18.Rd1 Rc7 19.a4 Ng4 20.Qd3 e5 21.dxe6 fxe6 22.Rf1 Bc8
23.N2f3 Ba6 24.Qd2 Bxf1 25.Rxf1 Re7 26.Qd3 Nb7 27.Bc1 Nc5 28.Qe2 Ne5 29.Bg5  0-1

[Event "WYCC Boys U14"]
[Site "Vung Tau City VIE"]
[Date "2008.10.27"]
[Round "8"]
[White "Kantans,T"]
[Black "Swiercz,D"]
[Result "0-1"]
[WhiteElo "2146"]
[BlackElo "2478"]

1.Nf3 Nf6 2.c4 g6 3.g3 Bg7 4.Bg2 O-O 5.O-O d6 6.d4 Nbd7 7.b3 e5 8.Bb2 e4
9.Nfd2 Re8 10.e3 Nf8 11.h3 h5 12.Nc3 Bf5 13.f3 exf3 14.Qxf3 c6 15.Kh2 Ne6
16.Qf2 Bd3 17.Nce4 Bxf1 18.Rxf1 Nxe4 19.Qxf7+ Kh8 20.Nxe4 Nf8 21.Nf6 Bxf6
22.Rxf6 d5 23.Rf2 Re7 24.Qf3 Nd7 25.e4 Rxe4 26.cxd5 cxd5 27.Qf7 Re7 28.Qxg6 h4
29.gxh4 Qc7+ 30.Qg3 Qxg3+ 31.Kxg3 Rg8+ 32.Kh2 Nf6 33.Ba3 Re6 34.Bc1 Ne4 35.Rf5 Rc6
36.Bf4 Rc2 37.Bg5 Rxa2 38.Rxd5 Rf8 39.Be3 Re8 40.Re5 Rxe5 41.dxe5 b6 42.h5 Re2
43.Bd4 Kh7 44.h4 Nd2  0-1

[Event "USCL 2008"]
[Site "ICC INT"]
[Date "2008.10.29"]
[Round "10"]
[White "Bartell,T"]
[Black "Zaikov,O"]
[Result "1-0"]
[WhiteElo "2361"]
[BlackElo "2380"]

1.Nf3 Nf6 2.c4 g6 3.g3 Bg7 4.Bg2 O-O 5.O-O d6 6.d4 Nc6 7.Nc3 a6 8.b3 Bf5
9.Bb2 Qc8 10.d5 Na5 11.Re1 c5 12.Qd2 Ne4 13.Nxe4 Bxb2 14.Nxd6 exd6 15.Qxb2 b5
16.Qc3 Qd8 17.e4 Bg4 18.Nd2 Rb8 19.e5 dxe5 20.Qxe5 bxc4 21.bxc4 Bf5 22.Be4 Bh3
23.Bd3 Rb6 24.Rab1 Rxb1 25.Rxb1 Nc6 26.Qf4 Nd4 27.Nf3 Qa5 28.Nxd4 cxd4 29.Qh4 Qc3
30.Qxh3 Qxd3 31.Qf1 Qc2 32.Rd1 Qc3 33.Qd3 Rc8 34.d6 Rd8 35.Qxd4 Qf3 36.c5 h5
37.Qd5  1-0

[Event "WYCC Boys U16"]
[Site "Vung Tau City VIE"]
[Date "2008.10.29"]
[Round "10"]
[White "Koohestani,S"]
[Black "Ivekovic,Z"]
[Result "0-1"]
[WhiteElo "2146"]
[BlackElo "2270"]

1.c4 Nf6 2.Nf3 g6 3.g3 Bg7 4.Bg2 O-O 5.O-O d6 6.d4 c6 7.Nc3 Nbd7 8.e4 e5
9.h3 Qa5 10.Be3 Nb6 11.Qd3 exd4 12.Bxd4 Qa6 13.Bxb6 Qxb6 14.b3 Nd7 15.Rad1 Nc5
16.Qc2 a5 17.Rfe1 Qb4 18.Ne2 f5 19.Nd2 fxe4 20.Nxe4 Bf5 21.g4 Bxe4 22.Bxe4 Rae8
23.Ng3 Kh8 24.Bf3 Ne6 25.Bg2 Nf4 26.Re4 Be5 27.Rde1 Qc5 28.R1e3 Re7 29.h4 Ref7
30.Kh1 Bd4 31.Rf3 d5 32.Re1 b5 33.Bf1 Nh3 34.Bxh3 Rxf3  0-1

[Event "IX Rapid Open"]
[Site "El Sauzal ESP"]
[Date "2008.11.01"]
[Round "4"]
[White "Villavicencio Martinez,C"]
[Black "Vidarte Morales,A"]
[Result "0-1"]
[WhiteElo "2131"]
[BlackElo "2437"]

1.Nf3 Nf6 2.c4 g6 3.g3 Bg7 4.Bg2 O-O 5.O-O d5 6.cxd5 Nxd5 7.Nc3 Nb6 8.d3 Nc6
9.Be3 e5 10.Bxb6 axb6 11.Nd2 Nd4 12.a3 c6 13.Rc1 Re8 14.e3 Ne6 15.Qe2 Nc5
16.Nde4 Qxd3 17.Nxc5 Qxe2 18.Nxe2 bxc5 19.Rxc5 Rd8 20.Nc3 Be6 21.Ne4 h6 22.Rcc1 Ra5
23.Rfd1 Rad5 24.Rxd5 cxd5 25.Nc5 Rc8 26.b4 b6 27.Nd3 Ra8 28.f4 e4 29.Ne5 Rxa3
30.Rc6 Bxe5 31.fxe5 Rxe3 32.Rxb6 Rb3 33.b5 e3 34.Bf1 Rb2 35.Bd3 Rd2  0-1

[Event "21st Belgrade Trophy"]
[Site "Obrenovac SRB"]
[Date "2008.11.04"]
[Round "8"]
[White "Djordjev,B"]
[Black "Stanoev,A"]
[Result "0-1"]
[WhiteElo "2117"]
[BlackElo "2259"]

1.Nf3 Nf6 2.c4 g6 3.g3 Bg7 4.Bg2 O-O 5.O-O d6 6.d4 Nbd7 7.Nc3 e5 8.e4 exd4
9.Nxd4 c6 10.h3 Re8 11.Be3 Nc5 12.Qc2 a5 13.Rfe1 Nfd7 14.Rad1 a4 15.f4 Qb6
16.g4 Qa6 17.Nce2 Nb6 18.b3 axb3 19.axb3 Qa2 20.Qxa2 Rxa2 21.e5 Ra3 22.Bc1 Ra1
23.Nc2 Rb1 24.Be3 Rxb3 25.Rxd6 Ncd7 26.Ned4 Rb2 27.Bc1 Ra2 28.e6 fxe6 29.Rdxe6 Rxe6
30.Rxe6 c5 31.Bd5 Kf8 32.Re2 cxd4 33.Ba3+ Rxa3 34.Nxa3 Nxd5 35.cxd5 Nc5 36.Nc4 d3
37.Rd2 Bc3 38.Rd1 Bd7 39.Rc1 d2 40.Rd1  0-1

[Event "38th Olympiad"]
[Site "Dresden GER"]
[Date "2008.11.14"]
[Round "2"]
[White "Valdes,Le"]
[Black "Lorenzana,W"]
[Result "1-0"]
[WhiteElo "2401"]
[BlackElo "2202"]

1.Nf3 Nf6 2.c4 g6 3.g3 Bg7 4.Bg2 O-O 5.O-O c5 6.Nc3 Nc6 7.d3 d6 8.a3 a5 9.Rb1 Rb8
10.Ne1 Ne8 11.Bd2 Nc7 12.Nc2 Na6 13.Nb5 e5 14.b4 axb4 15.axb4 Be6 16.Qc1 Qd7
17.Nba3 cxb4 18.Nxb4 Nd4 19.Qd1 Bh3 20.Nbc2 Bxg2 21.Kxg2 Ne6 22.Nb5 f5 23.f3 f4
24.g4 h5 25.h3 hxg4 26.hxg4 Kf7 27.Qc1 Bf6 28.Rh1 Rh8 29.Qa3 Be7 30.Qa1 Nac5
31.Bb4 Bf6 32.Qa5 Ra8 33.Rxh8 Rxa5 34.Rh7+ Bg7 35.Bxa5 Ng5 36.Rhh1 e4 37.dxe4 Ncxe4
38.Rbd1 Qc6 39.Ncd4 Qd7 40.Bb4 Be5 41.Be1 Nf6 42.Bh4 Nfh7 43.Rd3 Qc8 44.Rc1 Ne4
45.Nb3 Kg8 46.c5 Qe6 47.cxd6 Nxd6 48.Nc5 Qa2 49.Nxd6 Qxe2+ 50.Bf2 Qb2 51.Re1 Bf6
52.Re8+ Nf8 53.Nd7 Bg7 54.Nxf8 Bxf8 55.Nc4 Qa2 56.Rdd8 Qxc4 57.Rxf8+ Kg7
58.g5  1-0

[Event "38th Olympiad"]
[Site "Dresden GER"]
[Date "2008.11.16"]
[Round "4"]
[White "Skoberne,J"]
[Black "Lukey,S"]
[Result "1-0"]
[WhiteElo "2501"]
[BlackElo "2271"]

1.c4 Nf6 2.Nf3 g6 3.g3 Bg7 4.Bg2 O-O 5.O-O d6 6.d4 Nbd7 7.Nc3 e5 8.e4 a6
9.Re1 exd4 10.Nxd4 Ng4 11.h3 Qf6 12.hxg4 Qxd4 13.Nd5 c6 14.Ne3 Re8 15.Qe2 Nc5
16.g5 Nd3 17.Rd1 Nxc1 18.Raxc1 Qxb2 19.Rc2 Qe5 20.c5 dxc5 21.f4 Qe7 22.e5 Bxe5
23.fxe5 Qxe5 24.Ng4 Bxg4 25.Qxg4 Rad8 26.Rxd8 Rxd8 27.Re2 Qd4+ 28.Qxd4 Rxd4
29.Kf2 Kg7 30.Bf3 h6 31.gxh6+ Kxh6 32.Re7 b5 33.Rxf7 Rd2+ 34.Ke3 Rxa2 35.Kf4 Rf2
36.g4 g5+ 37.Ke3 Kg6 38.Rc7 Ra2 39.Rxc6+ Kg7 40.Rxc5 Ra3+ 41.Ke4 Ra4+ 42.Ke5 Rf4
43.Rc7+ Kf8 44.Be2 b4 45.Ra7 Rf2 46.Bxa6 Ra2 47.Rf7+ Ke8 48.Bb5+ Kd8 49.Rd7+ Kc8
50.Rd4 b3 51.Rb4 Rg2 52.Ke4  1-0

[Event "USCL KO 2008"]
[Site "ICC INT"]
[Date "2008.11.19"]
[Round "2"]
[White "Bayaraa,Z"]
[Black "Prilleltensky,M"]
[Result "1-0"]
[WhiteElo "2203"]
[BlackElo "2095"]

1.Nf3 Nf6 2.c4 g6 3.g3 Bg7 4.Bg2 O-O 5.O-O d5 6.d4 dxc4 7.Nc3 Nc6 8.d5 Na5
9.Qa4 c6 10.dxc6 Nxc6 11.Qxc4 Ng4 12.h3 Nge5 13.Nxe5 Nxe5 14.Qb3 e6 15.Be3 Qa5
16.Rfd1 Rb8 17.Rac1 b6 18.f4 Nd7 19.Ne4 Nf6 20.Bd2 Qa6 21.Bb4 Nxe4 22.Bxf8 Qxe2
23.Bxg7 Kxg7 24.Bxe4 Qxe4 25.Rc4 Qe2 26.Qc3+ Kh6 27.Re1  1-0

[Event "TCh-AUT 2nd Bundesliga Ost 2008-9"]
[Site "Austria AUT"]
[Date "2008.11.22"]
[Round "4"]
[White "Lipka,J"]
[Black "Ernst,M"]
[Result "1-0"]
[WhiteElo "2426"]
[BlackElo "2195"]

1.Nf3 Nf6 2.c4 g6 3.g3 Bg7 4.Bg2 O-O 5.O-O c6 6.d4 d5 7.cxd5 cxd5 8.Ne5 Ng4
9.f4 Nxe5 10.fxe5 f6 11.exf6 Rxf6 12.Rxf6 Bxf6 13.Nc3 e6 14.e3 Nc6 15.Qd3 Bd7
16.Bd2 Qe7 17.Ne2 Qd6 18.a3 a6 19.Rf1 Bg7 20.Nf4 Re8 21.Qb3 b5 22.Rc1 Kh8
23.Nd3 Rb8 24.Qc2 Rc8 25.b4 Ne7 26.Nc5 e5 27.dxe5 Bxe5 28.Bc3 Nf5 29.Qb2 Bxc3
30.Qxc3+ Kg8 31.Rd1 Be6 32.e4 Ne7 33.exd5 Bg4 34.Re1 a5 35.h3 axb4 36.axb4 Bf5
37.g4 Bd7 38.Qe5  1-0

[Event "TCh-AUT 2nd Bundesliga Ost 2008-9"]
[Site "Austria AUT"]
[Date "2008.11.22"]
[Round "4"]
[White "Spalt,B"]
[Black "Stadler,P"]
[Result "0-1"]
[WhiteElo "2049"]
[BlackElo "2186"]

1.Nf3 Nf6 2.c4 g6 3.g3 Bg7 4.Bg2 O-O 5.O-O d5 6.cxd5 Nxd5 7.d4 Nb6 8.e4 Nc6
9.d5 Na5 10.Nc3 e6 11.Nd4 c6 12.Nde2 cxd5 13.exd5 exd5 14.Nxd5 Nxd5 15.Qxd5 Be6
16.Qxd8 Rfxd8 17.Bg5 Rd7 18.Nc3 h6 19.Be3 Nc4 20.Ne4 Rc8 21.Rac1 Bxb2 22.Rc2 Bg7
23.Rfc1 b6 24.Bf1 b5 25.a4 a6 26.axb5 axb5 27.Nd2 Bf5 28.Ra2 Rdc7 29.Nxc4 bxc4
30.Bf4 Rc6 31.Bg2 Rb6  0-1

[Event "TCh-SLO"]
[Site "Murska Sobota SLO"]
[Date "2008.12.11"]
[Round "6"]
[White "Velickovic,Z"]
[Black "Novak,G"]
[Result "1-0"]
[WhiteElo "2400"]
[BlackElo "2235"]

1.Nf3 Nf6 2.g3 g6 3.c4 Bg7 4.Bg2 O-O 5.d4 d5 6.O-O dxc4 7.Na3 c3 8.bxc3 c5
9.e3 Nc6 10.Bb2 Bf5 11.Nc4 Be4 12.Re1 Rc8 13.Ncd2 Bd3 14.Nb3 c4 15.Nc5 e5
16.Nxd3 cxd3 17.Nd2 Re8 18.Ne4 Qb6 19.Rb1 Nxe4 20.Bxe4 Qa5 21.a3 exd4 22.cxd4 d2
23.Re2 Qb5 24.Qxd2 Na5 25.Bd3 Nc4 26.Qe1 Rb8 27.Bc1 Qd5 28.Be4  1-0

[Event "TCh-SLO"]
[Site "Murska Sobota SLO"]
[Date "2008.12.14"]
[Round "9"]
[White "Srebrnic,V"]
[Black "Luzar,E"]
[Result "1-0"]
[WhiteElo "2209"]
[BlackElo "2184"]

1.Nf3 Nf6 2.c4 g6 3.g3 Bg7 4.Bg2 O-O 5.O-O d6 6.Nc3 c6 7.d4 Bf5 8.Nh4 Be6
9.b3 d5 10.Qd3 c5 11.e3 Nc6 12.Rd1 cxd4 13.exd4 Nxd4 14.Qxd4 Ne4 15.Qxg7+ Kxg7
16.Nxe4 Rc8 17.Bb2+ Kg8 18.Ng5 Rc5 19.Nxe6 fxe6 20.Nf3 Qa5 21.Ne5 dxc4 22.Nxc4 Qa6
23.Rd7 Rcf5 24.Bd4 e5 25.Be3 b5 26.Nd2 Qc8 27.Rb7 a6 28.Ne4 Qc2 29.Rd7 Qb2
30.Rdd1 Rc8 31.h4 Rc2 32.Rdb1 Qa3 33.Bc1 Qb4 34.Bh6 Re2 35.a3 Qd4 36.Rf1 e6
37.Rad1 Rxe4 38.Rxd4 Rxd4 39.Rc1 e4 40.Rc8+ Kf7 41.Rc7+ Ke8 42.Be3 Rd1+ 43.Kh2 Rf7
44.Rc6 Rd3 45.Rxe6+ Re7 46.Rxa6 Rxb3 47.g4 Kf7 48.Kg3 b4 49.axb4 Rxb4 50.Kf4 Rc4
51.Bf1 Rc8 52.Ra4 Kg8 53.Bc4+ Kf8 54.Bd5 h5 55.gxh5 gxh5 56.Kf5 Kg7 57.Bd4+ Kh7
58.Bxe4 Rf8+ 59.Kg5+ Kg8 60.Bf6 Rc7 61.Kg6 Rd7 62.Ra5 Rb8 63.Rxh5  1-0

[Event "10th Mirko Srajber Mem"]
[Site "Subotica SRB"]
[Date "2008.12.20"]
[Round "4"]
[White "Bogosavljevic,B"]
[Black "Skoberne,J"]
[Result "0-1"]
[WhiteElo "2541"]
[BlackElo "2501"]

1.Nf3 Nf6 2.c4 g6 3.g3 Bg7 4.Bg2 O-O 5.O-O d6 6.d4 Nc6 7.Nc3 a6 8.Re1 Rb8
9.Rb1 Bf5 10.e4 Bg4 11.Be3 Nd7 12.Qd2 e5 13.d5 Bxf3 14.Bxf3 Nd4 15.Bg2 c5
16.dxc6 bxc6 17.b4 Nb6 18.Qd3 Qc8 19.c5 dxc5 20.bxc5 Nd7 21.Rxb8 Qxb8 22.Rb1 Nxc5
23.Rxb8 Nxd3 24.Rb7 Nc5 25.Ra7 Bf6 26.Bf1 Bd8 27.Bc4 Bb6 28.Re7 Bd8 29.Ra7 Bb6
30.Re7 Kg7 31.h4 h6 32.Kg2 Kf6 33.Rxe5 Kxe5 34.f4+ Kd6 35.Bxd4 Ke7 36.Kf3 Nd7
37.Ne2 Bxd4 38.Nxd4 c5 39.Nc6+ Kd6 40.Na5 f6 41.h5 gxh5 42.Bd5 Rb8 43.Nc4+ Ke7
44.Ne3 Nb6 45.Nf5+ Kf8 46.Bb3 c4 47.Bc2 Rd8 48.Ke3 c3 49.Nd4 Nc4+ 50.Kd3 Na3
51.Kxc3 Rxd4 52.Kxd4 Nxc2+ 53.Kc5 Ne3 54.a4 Nf1 55.Kb6 Nxg3  0-1

[Event "8th Amplico AIG Life Rapid"]
[Site "Warsaw POL"]
[Date "2008.12.20"]
[Round "3"]
[White "Gritsak,O"]
[Black "Harakis,A"]
[Result "1-0"]
[WhiteElo "2519"]
[BlackElo "2252"]

1.Nf3 Nf6 2.c4 g6 3.g3 Bg7 4.Bg2 O-O 5.O-O d6 6.Nc3 e5 7.d3 Nc6 8.Rb1 Be6
9.Ng5 Bf5 10.b4 h6 11.b5 Ne7 12.Nge4 Nxe4 13.Nxe4 Be6 14.Nc3 d5 15.Ba3 d4
16.Na4 b6  1-0

[Event "8th Amplico AIG Life Rapid"]
[Site "Warsaw POL"]
[Date "2008.12.20"]
[Round "6"]
[White "Czerwonski,A"]
[Black "Flis,P"]
[Result "1-0"]
[WhiteElo "2391"]
[BlackElo "2016"]

1.Nf3 Nf6 2.c4 g6 3.g3 Bg7 4.Bg2 O-O 5.O-O d6 6.Nc3 e5 7.d3 Nc6 8.Rb1 a5
9.a3 h6 10.b4 axb4 11.axb4 Be6 12.e4 Bg4 13.h3 Bxf3 14.Bxf3 Nd4 15.Bg2 c6
16.Ne2 Nxe2+ 17.Qxe2 d5 18.exd5 cxd5 19.Bb2 Re8 20.Ra1 Rxa1 21.Rxa1 dxc4
22.dxc4 Qb6 23.Bc3 Nd7 24.c5 Qc7 25.Qe4 b6 26.Qc6 Rc8 27.Qxc7 Rxc7 28.c6 Nf8
29.Ra8 Kh7 30.Rb8 Ne6 31.Rxb6 Nd4 32.Rb7 Rc8 33.Bxd4 exd4 34.Rxf7 Kg8 35.Rd7 Be5
36.b5 Bc7 37.Rxc7  1-0

[Event "8th Amplico AIG Life Rapid"]
[Site "Warsaw POL"]
[Date "2008.12.20"]
[Round "8"]
[White "Urban,K"]
[Black "Wieczorek,O"]
[Result "1-0"]
[WhiteElo "2473"]
[BlackElo "2267"]

1.Nf3 Nf6 2.c4 g6 3.g3 Bg7 4.Bg2 O-O 5.d4 d6 6.O-O Nc6 7.Nc3 a6 8.h3 Rb8
9.Be3 Bd7 10.a4 Re8 11.a5 e5 12.d5 Ne7 13.Ne1 Nf5 14.Bd2 h5 15.e3 c5 16.Na4 e4
17.Nb6 g5 18.Rb1 g4 19.h4 Ne7 20.Bc3 Ng6 21.Bh1 Bf5 22.Ng2 Nd7 23.Nxd7 Qxd7
24.Bxg7 Kxg7 25.Qc2 Kh6 26.Ra1 Rbc8 27.Ra3 Qe7 28.Rb3 Rc7 29.Rb6 Rec8 30.Qc3 f6
31.Nf4 Nxf4 32.exf4 Bg6 33.Re1 f5 34.Bg2 Qg7 35.Qxg7+ Rxg7 36.Rxd6 Rcc7 37.Re3 Rgd7
38.Rxd7 Rxd7 39.Rb3 Kg7 40.Rb6 Be8 41.Kf1 Kf7 42.Ke2 Ke7 43.Ke3 Kd8 44.b4 cxb4
45.Rxb4 Kc7 46.Rb6 Rd6 47.Rxd6 Kxd6 48.Kd4 Bd7 49.Bf1 Bc8 50.c5+ Ke7 51.Ke5 Bd7
52.Bc4 Bc8 53.d6+ Kd8 54.Be6  1-0

[Event "8th Amplico AIG Life Rapid"]
[Site "Warsaw POL"]
[Date "2008.12.21"]
[Round "9"]
[White "Lipka,J"]
[Black "Galazewski,T"]
[Result "0-1"]
[WhiteElo "2426"]
[BlackElo "2245"]

1.Nf3 Nf6 2.c4 g6 3.g3 Bg7 4.Bg2 O-O 5.d4 d6 6.O-O c5 7.Nc3 Nc6 8.d5 Na5
9.Nd2 a6 10.Qc2 Rb8 11.b3 b5 12.Rb1 e5 13.Bb2 Nh5 14.e3 f5 15.f4 exf4 16.exf4 Bd7
17.Nd1 Re8 18.Bxg7 Nxg7 19.Nf2 Qf6 20.Nf3 Re3 21.Nd1 Re4 22.Nf2 Re3 23.Nd3 bxc4
24.bxc4 Rbe8 25.Rfe1 R3e4 26.Nb2 Rxe1+ 27.Rxe1 Rxe1+ 28.Nxe1 Qd4+ 29.Qf2 Qc3
30.Qe2 Kf7 31.Nf3 h6 32.Bf1 Qa3 33.Nd1 Nh5 34.Qb2 Qxf3 35.Nf2 Nxg3 36.hxg3 Qxg3+
37.Bg2 Nxc4 38.Qh8 Ne3 39.Qh7+ Ke8 40.Qg8+ Ke7  0-1

[Event "8th Amplico AIG Life Rapid"]
[Site "Warsaw POL"]
[Date "2008.12.21"]
[Round "13"]
[White "Lipka,J"]
[Black "Jankovic,A"]
[Result "1-0"]
[WhiteElo "2426"]
[BlackElo "2548"]

1.Nf3 Nf6 2.c4 g6 3.g3 Bg7 4.Bg2 O-O 5.d4 d6 6.O-O c6 7.Nc3 a6 8.d5 cxd5
9.cxd5 Nbd7 10.Nd4 Ne5 11.a4 Bd7 12.b3 Rc8 13.Bb2 Qa5 14.Qd2 Rc5 15.e4 Rfc8
16.Rfc1 Qb6 17.h3 R5c7 18.Kh1 Be8 19.f4 Ned7 20.a5 Qa7 21.Nce2 Nc5 22.e5 Nfe4
23.Qe3 f5 24.exf6 Nxf6 25.Ne6 Ng4 26.hxg4 Bxb2 27.Nxc7 Rxc7 28.b4 Bxa1 29.Rxa1 Bf7
30.Rc1 b5 31.axb6 Qxb6 32.bxc5 dxc5 33.Nc3 Qb2 34.Na4 Qa2 35.Nxc5 Bxd5 36.Rc2 Qb1+
37.Qc1 Bxg2+ 38.Kxg2 Qb5 39.Ne4 Rxc2+ 40.Qxc2 Qd5 41.Kf2 Qd4+ 42.Kf3 a5 43.Qc8+ Kg7
44.Qc3  1-0

[Event "10th Mirko Srajber Mem"]
[Site "Subotica SRB"]
[Date "2008.12.23"]
[Round "7"]
[White "Skoberne,J"]
[Black "Markus,Rob"]
[Result "0-1"]
[WhiteElo "2501"]
[BlackElo "2616"]

1.Nf3 Nf6 2.c4 g6 3.g3 Bg7 4.Bg2 O-O 5.O-O d6 6.d4 Nbd7 7.Nc3 e5 8.e4 a6
9.h3 b5 10.Qc2 c6 11.Rd1 Re8 12.c5 exd4 13.Nxd4 Bb7 14.Nb3 b4 15.Ne2 d5 16.exd5 Nxd5
17.Nf4 N7f6 18.a3 Qc7 19.Bd2 a5 20.axb4 Nxb4 21.Bxb4 axb4 22.Rxa8 Bxa8 23.Qd2 Nd5
24.Nxd5 cxd5 25.Qxb4 Bxb2 26.Nd4 Rb8 27.Nb5 Qe5 28.Rb1 Ba1 29.Qa5 Bc6 30.Rxa1 Rxb5
31.Qa3 Rb2 32.Rd1 Rc2 33.Rc1 Rd2 34.Qb4 Rb2 35.Qg4 Kg7 36.h4 Qf6 37.Qf3 Qxf3
38.Bxf3 Rb5 39.g4 h6 40.Kg2 Kf6 41.Rc2 Ke5 42.Re2+ Kd4 43.Kg3 Kxc5 44.Rc2+ Kd6
45.g5 h5  0-1

[Event "10th Mirko Srajber Mem"]
[Site "Subotica SRB"]
[Date "2008.12.25"]
[Round "9"]
[White "Bogosavljevic,B"]
[Black "Manolache,M"]
[Result "0-1"]
[WhiteElo "2541"]
[BlackElo "2494"]

1.Nf3 Nf6 2.c4 g6 3.g3 Bg7 4.Bg2 O-O 5.O-O d6 6.d4 a6 7.Nc3 Nc6 8.h3 Bd7
9.e4 e5 10.Be3 Qc8 11.dxe5 dxe5 12.Kh2 Re8 13.Qd3 b5 14.Rfd1 Nb4 15.Qe2 bxc4
16.a3 Nd3 17.b3 Rb8 18.Nd2 Nf4 19.gxf4 exf4 20.Ba7 Rb7 21.Bc5 Re5 22.Nxc4 Rxc5
23.e5 Rxb3 24.exf6 Rxc3 25.fxg7 Be6 26.Rd2 Kxg7 27.Rad1 Bxc4 28.Qe7 Qf8 29.Qe4 Be6
30.Qd4+ f6 31.Qe4 Re5 32.Qxf4 Qc5 33.Rd8 g5 34.Qa4 Bf7 35.R1d7 Re7 36.Rxe7 Qxe7
37.Rd7 Qe5+ 38.f4 gxf4 39.Rxf7+ Kxf7 40.Qd7+ Kg6 41.Qg4+ Qg5  0-1

[Event "World Open"]
[Site "Leon ESP"]
[Date "2008.12.28"]
[Round "9"]
[White "Strikovic,A"]
[Black "Paunovic,D"]
[Result "0-1"]
[WhiteElo "2533"]
[BlackElo "2532"]

1.c4 Nf6 2.Nf3 g6 3.g3 Bg7 4.Bg2 O-O 5.O-O d5 6.cxd5 Nxd5 7.Nc3 Nc6 8.d4 Nb6
9.e3 Re8 10.Qe2 e5 11.Nxe5 Nxe5 12.dxe5 Bxe5 13.Rd1 Qe7 14.e4 h5 15.Be3 c6
16.Bd4 Bg4 17.f3 Bxd4+ 18.Rxd4 Be6 19.Rad1 Rad8 20.Qf2 Nc4 21.b3 Ne5 22.h3 Rxd4
23.Rxd4 c5 24.Rd2 Nc6 25.f4 Nd4 26.e5 Rd8 27.Kh2 b6 28.Ne4 Kg7 29.b4 Bd5
30.bxc5 Bxe4 31.Bxe4 bxc5 32.Qe3 Qe6 33.Bg2 Nf5 34.Qf2 Rxd2 35.Qxd2 Nd4  0-1

[Event "Open"]
[Site "Pamplona ESP"]
[Date "2008.12.28"]
[Round "8"]
[White "Diaz Mollenedo,W"]
[Black "Ugalde Ezcurra,J"]
[Result "1-0"]
[WhiteElo "2015"]
[BlackElo "2158"]

1.Nf3 Nf6 2.c4 g6 3.g3 Bg7 4.Bg2 O-O 5.O-O d6 6.d4 Nbd7 7.Nc3 e5 8.dxe5 dxe5
9.Qc2 Re8 10.Rd1 c6 11.Ng5 Qe7 12.b3 e4 13.Rb1 Nc5 14.b4 Na6 15.b5 Nc5 16.bxc6 bxc6
17.Ba3 Bf5 18.Bxc5 Qxc5 19.Ncxe4 Nxe4 20.Bxe4 Bxe4 21.Nxe4 Qe5 22.Nd6 Re6
23.c5 Bf8 24.e4 Bxd6 25.cxd6 Rxd6 26.Rxd6 Qxd6 27.Rb7 a5 28.Qc4 Qf6 29.Rc7 a4
30.Rxc6 Qf3 31.Rc8+ Rxc8 32.Qxc8+ Kg7 33.Qc4 a3 34.e5 h5 35.h4 Kh7 36.Qd4 Qe2
37.Qd5 Kg7 38.Kg2 Kg8 39.Qa8+ Kg7 40.Qxa3 Qxe5 41.Qa8 g5 42.hxg5 h4 43.gxh4 Qf4
44.f3 Qxh4 45.Qe4 Qh5 46.a4 Kf8 47.Qf5 Ke8 48.a5 Qh4 49.Qe4+  1-0

[Event "Czech Christmas"]
[Site "Litomysl CZE"]
[Date "2008.12.29"]
[Round "5"]
[White "Valenta,V jr"]
[Black "Kolasin,J"]
[Result "1-0"]
[WhiteElo "2190"]
[BlackElo "1954"]

1.Nf3 Nf6 2.c4 g6 3.g3 Bg7 4.Bg2 O-O 5.O-O d6 6.d4 Nbd7 7.Nc3 e5 8.dxe5 dxe5
9.Qc2 c6 10.b3 Re8 11.Ng5 Nf8 12.Bb2 h6 13.Nge4 Bf5 14.Rad1 Qc7 15.Qc1 Ne6
16.Nxf6+ Bxf6 17.e4 Bg4 18.f3 Bg5 19.Qb1 Be3+ 20.Kh1 Bh5 21.g4 Qe7 22.Bc1 Bxc1
23.Qxc1 Nf4 24.gxh5 Qg5 25.Qc2  1-0

[Event "TCh-BEL 2008-9"]
[Site "Belgium BEL"]
[Date "2009.01.04"]
[Round "6"]
[White "Verhaeren,G"]
[Black "Smits,Mar"]
[Result "0-1"]
[WhiteElo "1911"]
[BlackElo "2301"]

1.Nf3 Nf6 2.c4 g6 3.g3 Bg7 4.Bg2 O-O 5.O-O d6 6.d4 Nc6 7.Nc3 e5 8.e4 exd4
9.Nxd4 Nxd4 10.Qxd4 Re8 11.Qd3 Nd7 12.Qc2 Nc5 13.Bd2 a5 14.b3 c6 15.Rad1 Qe7
16.Bf4 Be5 17.Qd2 Bg4 18.f3 Be6 19.Bxe5 dxe5 20.Qd6 Qxd6 21.Rxd6 Red8 22.Rfd1 Rxd6
23.Rxd6 Kf8 24.Kf2 Ke7 25.Rd2 Ra6 26.Bf1 Rb6 27.Rb2 Rb4 28.Rc2 Kd6 29.Ke3 a4
30.Rd2+ Kc7 31.Nxa4 Nxa4 32.bxa4 Bxc4 33.Bxc4 Rxc4 34.f4 exf4+ 35.gxf4 Rxa4
36.Kf3 Ra3+ 37.Kg4 f6 38.e5 h5+ 39.Kh4 fxe5 40.fxe5 Re3 41.Kg5 Rxe5+ 42.Kxg6 b5
43.Rb2 Kb6 44.a4 Ka5 45.axb5 cxb5 46.h4 b4 47.Ra2+ Kb5 48.Ra8 b3 49.Rb8+ Kc4
50.Kh6 Rc5 51.Rg8 b2 52.Rg1 Kb3  0-1

[Event "Masters"]
[Site "Hastings ENG"]
[Date "2009.01.04"]
[Round "8"]
[White "Snape,I"]
[Black "Hebden,M"]
[Result "0-1"]
[WhiteElo "2219"]
[BlackElo "2515"]

1.c4 g6 2.g3 Bg7 3.Bg2 Nf6 4.Nf3 O-O 5.O-O Nc6 6.Nc3 e5 7.d3 d6 8.Rb1 a5
9.a3 Nd4 10.Nd2 c6 11.e3 Ne6 12.Nf3 Qc7 13.b4 axb4 14.axb4 d5 15.cxd5 cxd5
16.Bb2 Rd8 17.Nxe5 d4 18.exd4 Nxd4 19.Re1 Be6 20.Qd2 Rac8 21.Ne2 Nb3 22.Qe3 Bd5
23.Bh3 Ra8 24.Nf4 Re8 25.d4 Qc2 26.Qc3 Be4 27.Nfd3 Qxc3 28.Bxc3 Ra3 29.Nc4 Ra2
30.Rxe4 Nxe4 31.Rxb3 Rc2 32.Nde5 Nxc3 33.Kg2 Bxe5 34.Nxe5 Rd8 35.Nd7 Kg7
36.b5 Ne4 37.Nc5 Nxf2 38.Nxb7 Rxd4 39.b6 Ng4+ 40.Kg1 Rd1+ 41.Bf1 Rf2  0-1

[Event "Masters"]
[Site "Hastings ENG"]
[Date "2009.01.05"]
[Round "9"]
[White "Pavlovic,Milos"]
[Black "Eames,R"]
[Result "1-0"]
[WhiteElo "2524"]
[BlackElo "2329"]

1.Nf3 Nf6 2.c4 g6 3.g3 Bg7 4.Bg2 O-O 5.O-O d6 6.Nc3 e5 7.d4 Nbd7 8.h3 a6
9.dxe5 dxe5 10.Be3 c6 11.Nd2 Nh5 12.Nde4 f5 13.Bg5 Qe8 14.Nd6 Qe6 15.Nd5 Qxd6
16.Ne7+ Qxe7 17.Bxe7 Re8 18.Bd6 e4 19.Qb3 Ne5 20.c5+ Kh8 21.Rfd1 f4 22.g4 f3
23.gxh5 fxg2 24.h6 Bf6 25.Bc7 Be6 26.Qxb7 e3 27.Rd6 exf2+ 28.Kxf2 Bh4+ 29.Kg1 Bf7
30.Rd4 Bf6 31.Rf4 Nd7 32.Bd6  1-0

[Event "Open"]
[Site "Marianske Lazne CZE"]
[Date "2009.01.19"]
[Round "3"]
[White "Hruby,Va"]
[Black "Kopasov,E"]
[Result "0-1"]
[WhiteElo "1831"]
[BlackElo "2047"]

1.Nf3 Nf6 2.g3 g6 3.Bg2 Bg7 4.c4 O-O 5.O-O d5 6.cxd5 Nxd5 7.Nc3 Nc6 8.Qb3 Nb6
9.d3 h6 10.Bd2 e5 11.Rfd1 Be6 12.Qc2 Nd4 13.Nxd4 exd4 14.Ne4 Bd5 15.Nc5 Bxg2
16.Kxg2 Re8 17.Re1 Rb8 18.e4 dxe3 19.fxe3 Qf6 20.Rab1 Qc6+ 21.Kg1 Nd7 22.Rec1 Ne5
23.Ne4 Qxc2 24.Rxc2 Nxd3 25.Nf2 Nxf2 26.Kxf2 c6 27.b3 h5 28.Kf3 Rbd8 29.e4 Rd3+
30.Be3 Bh6 31.Re1 f5  0-1

[Event "IMB"]
[Site "Marianske Lazne CZE"]
[Date "2009.01.22"]
[Round "7"]
[White "Johansson,An"]
[Black "Robertsen,T"]
[Result "1/2-1/2"]
[WhiteElo "2005"]
[BlackElo "2275"]

1.Nf3 Nf6 2.c4 g6 3.g3 Bg7 4.Bg2 O-O 5.O-O d6 6.d4 Nbd7 7.Nc3 e5 8.e4 exd4
9.Nxd4 Re8 10.Re1 Ng4 11.h3 Nge5 12.b3 Nc5 13.Be3 Bd7 14.Qc2 Qc8 15.Kh2 Ned3
16.Red1 Nb4 17.Qe2 Re5 18.g4 Re8 19.Rab1 Ne6 20.Qf1 Qd8 21.f4 Nc6 22.Nde2 a5
23.Rd2 Ne7 24.Nb5 Bc6 25.e5 Bxb5 26.cxb5 d5 27.Nd4 Nc5 28.Rc2 Ne6 29.Rbc1 Rc8
30.Qe1 g5 31.Nxe6 fxe6 32.Qxa5 gxf4 33.Bxf4 Ng6  1/2-1/2

[Event "ch-PriFO"]
[Site "Kazan RUS"]
[Date "2009.01.25"]
[Round "5"]
[White "Chernova,A"]
[Black "Kanter,E"]
[Result "0-1"]
[WhiteElo "2193"]
[BlackElo "2366"]

1.c4 Nf6 2.Nf3 g6 3.g3 Bg7 4.Bg2 O-O 5.O-O d5 6.cxd5 Nxd5 7.Nc3 Nb6 8.b3 Nc6
9.Bb2 e5 10.d3 Re8 11.Nd2 Nd4 12.Nc4 c6 13.Ne4 Bg4 14.Re1 f5 15.Ned6 Nxc4
16.Nxc4 e4 17.Qd2 exd3 18.exd3 Qd7 19.Rxe8+ Rxe8 20.Re1 Rxe1+ 21.Qxe1 Ne2+
22.Kh1 Qxd3 23.Bxg7 Kxg7 24.Ne5 Qc3 25.Qxc3 Nxc3 26.Nxg4 fxg4 27.a4 a5 28.f3 b5
29.axb5 cxb5 30.fxg4 a4 31.bxa4 bxa4  0-1

[Event "68th ch-GEO"]
[Site "Tbilisi GEO"]
[Date "2009.01.25"]
[Round "8"]
[White "Pantsulaia,L"]
[Black "Azaladze,S"]
[Result "1/2-1/2"]
[WhiteElo "2583"]
[BlackElo "2402"]

1.c4 g6 2.Nf3 Bg7 3.g3 Nf6 4.Bg2 O-O 5.O-O d6 6.d4 c6 7.Nc3 Qa5 8.e4 Qh5
9.Re1 e5 10.dxe5 dxe5 11.Qd6 Ne8 12.Qd3 Na6 13.Bg5 Nec7 14.h4 Ne6 15.Be7 Re8
16.Ba3 Rd8 17.Qe2 Nd4 18.Nxd4 Rxd4 19.Bf3 Qh6 20.b4 Qd2 21.Qxd2 Rxd2 22.b5 Nc7
23.Rad1 Rxd1 24.Rxd1 Ne6 25.bxc6 bxc6 26.Bg4 h5 27.Bh3 Rb8 28.Bd6 Rb2 29.Nd5 cxd5
30.exd5 f5 31.dxe6 Bxe6 32.c5 Rc2 33.a3 e4 34.Bf1 Bb2 35.a4 Bc1 36.Bb5 e3
37.Bd3 Rc3 38.Be5 Rxc5 39.Bd4 exf2+ 40.Kxf2 Rc7 41.Bxa7 Rxa7 42.Rxc1 Rxa4
43.Rc7 Ra3 44.Bc4 Bxc4 45.Rxc4  1/2-1/2